|
|
|
|
| LEADER |
01134nta a2200241 i 4500 |
| 001 |
dokt10492 |
| 005 |
20210409121848.0 |
| 008 |
200505s2020 hu om 0|| hun d |
| 024 |
7 |
|
|a 10.14232/phd.10492
|2 doi
|
| 024 |
7 |
|
|a 31316139
|2 mtmt
|
| 040 |
|
|
|a SZTE Doktori Repozitórium
|b hun
|
| 041 |
|
|
|a hun
|
| 100 |
1 |
|
|a Kunfi Attila
|
| 245 |
1 |
0 |
|a Polidopamin alkalmazása a szerves kémiában
|h [elektronikus dokumentum] :
|b katalizátor hordozótól a fotoizomerizálható felületekig /
|c Kunfi Attila
|
| 246 |
1 |
0 |
|a Applications of polydopamine in organic chemistry: from catalyst support to photoresponsive surfaces
|h [elektronikus dokumentum]
|
| 260 |
|
|
|c 2020-11-10
|
| 502 |
|
|
|a Disszertacio
|
| 650 |
|
4 |
|a kémiai tudományok
|
| 650 |
|
4 |
|a Kémiai tudományok
|
| 700 |
1 |
|
|a London Gábor
|e ths
|
| 856 |
4 |
0 |
|u https://doktori.bibl.u-szeged.hu/id/eprint/10492/1/disszertacio_KunfiAttila.pdf
|z Dokumentum-elérés
|
| 856 |
4 |
0 |
|u https://doktori.bibl.u-szeged.hu/id/eprint/10492/2/tezisfuzet_hun_KunfiAttila.pdf
|z Dokumentum-elérés
|
| 856 |
4 |
0 |
|u https://doktori.bibl.u-szeged.hu/id/eprint/10492/3/tezisfuzet_eng_KunfiAttila.pdf
|z Dokumentum-elérés
|